| 000 | 00958cab a2200265 4500 | ||
|---|---|---|---|
| 001 | ABS55159 | ||
| 008 | 090401t1996 xxu||||| |||| 00| 0 eng d | ||
| 035 | _a(Sirsi) u14580 | ||
| 041 | _aeng | ||
| 100 | _aCatt, R. | ||
| 245 | _aSmall urban spaces | ||
| 260 | _c1996 | ||
| 350 | _a0 | ||
| 490 |
_aStructural Survey _v14(1) 1996, 21-30(10) |
||
| 520 | _aLooks at ways of surveying small, urban spaces such as small gardens enclosed by squares and crescents and deals with how they could be investigated prior to restoration. Provides useful tips for local history research, the study of documents and ownership research. Gives information on other sources of information and useful addresses for archaeological research. | ||
| 650 | _aARCHAEOLOGY | ||
| 650 | _aGARDENS | ||
| 650 | _aHISTORY | ||
| 650 | _aOPEN SPACES | ||
| 650 | _aSURVEYING METHODS | ||
| 650 | _aURBAN SPACES | ||
| 690 | _aCONSERVATION | ||
| 942 | _n0 | ||
| 948 | _c04/03/1997 | ||
| 999 |
_c9513 _d9513 |
||